000 00525 a2200181 4500
005 20260116163633.0
008 260115b |||||||| |||| 00| 0 eng d
020 _a9789391109035
_cRs. 995.00
040 _aMAIN
082 _a294.5563
_bR13A
100 _aRai, Lajpat
245 _aArya samaj: An account of its origin, doctrines and activities with a biological sketch of the founder
260 _bThe Readers Paradise
_aNew Delhi
_c2025
300 _a190
650 _aReligion
650 _aArya Samaj
942 _cBK
999 _c394314
_d394314